| 000 | 00533nam a22001937a 4500 | ||
|---|---|---|---|
| 003 | CEME | ||
| 005 | 20210628202307.0 | ||
| 008 | 210113b xxu||||| |||| 00| 0 eng d | ||
| 020 | _a9789332518865 | ||
| 040 | _c. | ||
| 082 | _a004.6 STA | ||
| 100 |
_aStallings, William _9220 |
||
| 245 | _aData and computer communications | ||
| 250 | _a9TH | ||
| 260 |
_aINDIA _bPEARSON EDUCATION _c2014 |
||
| 300 | _a864P | ||
| 650 |
_aDATA COMMUNICATIONS. COMPUTER COMMUNICATIONS.DATA AND COMPUTER COMMUNICATIONS _959179 |
||
| 942 |
_cBK _2ddc |
||
| 999 |
_c569220 _d569220 |
||